JOURNAL OF QUANTITATIVE ECONOMICS (Record no. 23912)
[ view plain ]
| 000 -LEADER | |
|---|---|
| fixed length control field | 00695n a2200229 a 4500 |
| 001 - CONTROL NUMBER | |
| control field | 171 |
| 003 - CONTROL NUMBER IDENTIFIER | |
| control field | OSt |
| 005 - DATE AND TIME OF LATEST TRANSACTION | |
| control field | 20220210162242.0 |
| 008 - FIXED-LENGTH DATA ELEMENTS--GENERAL INFORMATION | |
| fixed length control field | 220210b |||||||| |||| 00| 0 eng d |
| 022 ## - INTERNATIONAL STANDARD SERIAL NUMBER | |
| International Standard Serial Number | 09711554 |
| 245 ## - TITLE STATEMENT | |
| Title | JOURNAL OF QUANTITATIVE ECONOMICS |
| 260 ## - PUBLICATION, DISTRIBUTION, ETC. (IMPRINT) | |
| Place of publication, distribution, etc | New Delhi |
| Name of publisher, distributor, etc | Springer (India) Private Limeted |
| 270 ## - ADDRESS | |
| Address | 7th Floor, Vijaya Building, 17, Barakhamba Road, New Delhi 110001, India |
| City | New Delhi |
| Country | India |
| Electronic mail address | customerservice@springer.com |
| 362 ## - DATES OF PUBLICATION AND/OR SEQUENTIAL DESIGNATION | |
| Dates of publication and/or sequential designation | 16 |
| 400 ## - SERIES STATEMENT/ADDED ENTRY--PERSONAL NAME [OBSOLETE, CAN/MARC], [LOCAL, USA] | |
| Date of a work | 1 |
| 410 ## - SERIES STATEMENT/ADDED ENTRY--CORPORATE NAME [OBSOLETE, CAN/MARC], [LOCAL, USA] | |
| Date of a work | 2018 |
| 653 ## - INDEX TERM--UNCONTROLLED | |
| Uncontrolled term | Economics |
| 653 ## - INDEX TERM--UNCONTROLLED | |
| Uncontrolled term | Mathematical Economics |
| 653 ## - INDEX TERM--UNCONTROLLED | |
| Uncontrolled term | Econometrics |
| 856 ## - ELECTRONIC LOCATION AND ACCESS | |
| Uniform Resource Identifier | <a href="https://link.springer.com/journal/40953/volumes-and-issues">https://link.springer.com/journal/40953/volumes-and-issues</a> |
| 942 ## - ADDED ENTRY ELEMENTS (KOHA) | |
| Source of classification or shelving scheme | Dewey Decimal Classification |
| Koha item type | Journals |
| Serial record | 1 |
| Withdrawn status | Lost status | Source of classification or shelving scheme | Damaged status | Use restrictions | Not for loan | Home library | Current library | Date acquired | Serial Enumeration / chronology | Total Checkouts | Barcode | Date last seen | Price effective from | Koha item type |
|---|---|---|---|---|---|---|---|---|---|---|---|---|---|---|
| Dewey Decimal Classification | Restricted Access | Not For Loan | Central University Of Rajasthan | Central University Of Rajasthan | 03/04/2023 | 17(1-4), MAR, JUN., SEPT., DEC., 2019 | BV757 | 03/04/2023 | 03/04/2023 | Journals | ||||
| Dewey Decimal Classification | Restricted Access | Not For Loan | Central University Of Rajasthan | Central University Of Rajasthan | 17/04/2023 | 18(1-4), MAR, JUN., SEPT., DEC., 2020 | BV758 | 17/04/2023 | 17/04/2023 | Journals |
